Auswanderungen Finnland - Statistiken

Allgemein
  • Dieses Quiz wurde 80 mal gespielt
  • Das Durchschnittsergebnis liegt bei 13 aus 15
Antwortstatistiken
Platz Land Anzahl % Korrekt
7. Deutschland 16.000
99%
2. Schweden 434.023
99%
5. Norwegen 37.500
97%
1. Vereinigte Staaten 653.222
97%
4. Russland 127.600
96%
3. Kanada 143.645
93%
14. Dänemark 3.000
92%
9. Estland 8.260
89%
8. Spanien 12.961
89%
11. Frankreich 6.000
88%
6. Vereinigtes Königreich 22.500
85%
12. Italien 4.000
82%
10. Australien 7.939
75%
13. Schweiz 3.800
70%
14. Belgien 3.000
66%
Keine übereinstimmenden Quizze gefunden
Verteilung der Resultate
Anzahl Personen mit jedem Resultat
Perzentil nach korrekt beantworteten Fragen
Ihre Resultats-Entwicklung
Sie haben dieses Quiz noch nicht gespielt